Slovensko a jeho kroky do Európskej únie

Perspektívy členstva Slovenska v EÚ. Konkurencieschopnosť slovenskej ekonomiky - základná podmienka slovenskej integrácie s EÚ. Štruktúra použitia HDP. Štruktúra priemyslu. Výkonnosť slovenskej ekonomiky. Komparatívne výhody Slovenska.

Saved in:
Bibliographic Details
Main Author: Mihók, P.
Format: Book Chapter
Language:Slovak
Subjects:
Tags: Add Tag
No Tags, Be the first to tag this record!

MARC

LEADER 00000naa a2200000 4500
001 r021578
005 20230918074209.0
041 0 |a slo 
044 |a SK 
245 1 0 |a Slovensko a jeho kroky do Európskej únie  |c P. Mihók 
520 |a Perspektívy členstva Slovenska v EÚ. Konkurencieschopnosť slovenskej ekonomiky - základná podmienka slovenskej integrácie s EÚ. Štruktúra použitia HDP. Štruktúra priemyslu. Výkonnosť slovenskej ekonomiky. Komparatívne výhody Slovenska. 
610 2 0 |a integrácia ekonomická medzinárodná 
610 2 0 |a Slovensko 
610 2 0 |a Európska únia 
610 2 0 |a CEFTA 
610 2 0 |a hospodárstvo národné 
610 2 0 |a priemysel 
610 2 0 |a produkt domáci hrubý 
610 2 0 |a konkurencieschopnosť 
610 2 0 |a výhody komparatívne 
100 1 |a Mihók, P.